Biele zlato - dnes už prísada skoro všetkých potravín
Cukor je dnes bežné sladidlo, v minulosti však išlo o komoditu porovnateľnú so vzácnym korením. V roku 2014 uplynie 212 rokov, odkedy človek objavil tajomstvo profesionálnej výroby repného cukru a svetlo sveta uzrel prvý repný cukrovar.
Salvato in:
| Natura: | Capitolo di libro |
|---|---|
| Lingua: | slovacco |
| Soggetti: | |
| Tags: |
Nessun Tag, puoi essere il primo ad aggiungerne!!
|
MARC
| LEADER | 00000naa a2200000 4500 | ||
|---|---|---|---|
| 001 | 0183445 | ||
| 005 | 20231109070946.0 | ||
| 041 | 0 | |a slo | |
| 044 | |a SK | ||
| 245 | 1 | 0 | |a Biele zlato - dnes už prísada skoro všetkých potravín |
| 520 | |a Cukor je dnes bežné sladidlo, v minulosti však išlo o komoditu porovnateľnú so vzácnym korením. V roku 2014 uplynie 212 rokov, odkedy človek objavil tajomstvo profesionálnej výroby repného cukru a svetlo sveta uzrel prvý repný cukrovar. | ||
| 610 | 2 | 0 | |a cukor |
| 610 | 2 | 0 | |a cukrovarníctvo |
| 610 | 2 | 0 | |a cukrovary |
| 610 | 2 | 0 | |a výroba |
| 610 | 2 | 0 | |a história |